logo

Bir Sreshtho Munshi Abdur Rouf Library
Jhenaidah Cadet College

Current Affairs / (Record no. 6720)

MARC details
000 -LEADER
fixed length control field 00565nam a2200217 a 4500
001 - CONTROL NUMBER
JCCL Control Number 6720
003 - CONTROL NUMBER IDENTIFIER
JCCL marc code BD-JhCC
005 - DATE AND TIME OF LATEST TRANSACTION
control field 20180129094333.0
008 - FIXED-LENGTH DATA ELEMENTS--GENERAL INFORMATION
fixed length control field 180129s1955 p |||| || | 000 0 eng d
035 ## - SYSTEM CONTROL NUMBER
system control number (BD-JhCC)6720
040 ## - CATALOGING SOURCE
Original cataloging agency BD-JhCC
Modifying agency BD-JhCC
041 ## - LANGUAGE CODE
Language code of Book eng
082 ## - DEWEY DECIMAL CLASSIFICATION NUMBER
Classification number 954.91
Author mark and Year DOG 1955
100 ## - MAIN ENTRY--PERSONAL NAME
Personal name Dogar, Tufail Muhammad
245 ## - TITLE STATEMENT
Title Current Affairs /
Statement of responsibility, etc Tufail Muhammad Dogar,
260 ## - PUBLICATION, DISTRIBUTION, ETC. (IMPRINT)
Place of publication, distribution, etc Lahore :
Name of publisher, distributor, etc Dogar Brothers,
Date of publication, distribution, etc 1955
300 ## - PHYSICAL DESCRIPTION
Pagination 274 p. :
Dimensions 18 cm.
650 ## - SUBJECT ADDED ENTRY--TOPICAL TERM
Topical term or geographic name as entry element Politics and Government
Geographic subdivision Pakistan
942 ## - ADDED ENTRY ELEMENTS (KOHA)
Source of classification or shelving scheme Dewey Decimal Classification
Koha item type Books
Holdings
Source of classification or shelving scheme Damaged status Not for loan Home library Current library Shelving location Date of accession Total Checkouts Full call number Barcode Date last seen Copy number Koha item type Cost, normal purchase price
Dewey Decimal Classification     JCC Rouf Library JCC Rouf Library General Stacks 01/29/2018   954.91 DOG 1955 8948 01/29/2018 C-1 Books  
Dewey Decimal Classification     JCC Rouf Library JCC Rouf Library General Stacks 01/31/2018   954.91 DOG 1955 9398 01/31/2018 C-2 Books 5.50

JCC Library | Contacts | JCC Home

Last Update on 23 September 2017
Copyright @ 2017-2020 JCC Rouf Library
Rouf Library, Jhenidah Cadet College (JCC), Bangladesh